|
|
|
|
| LEADER |
01195nam a2200289 a 4500 |
| 001 |
322594 |
| 008 |
090909s1972 cau b 001 0 eng d |
| 010 |
|
|
|a 74186578
|
| 020 |
|
|
|a 0875891276
|
| 040 |
|
|
|a DLC
|c DLC
|d DLC
|
| 082 |
0 |
0 |
|a 378
|2 18
|
| 100 |
1 |
|
|a Gould, Samuel B.
|
| 245 |
1 |
0 |
|a Explorations in non-traditional study.
|c Samuel B. Gould [and] K. Patricia Cross, editors.
|
| 250 |
|
|
|a [1st ed.]
|
| 260 |
|
|
|a San Francisco,
|b Jossey-Bass,
|c 1972.
|
| 300 |
|
|
|a xx, 137 p.
|c 22 cm.
|
| 490 |
0 |
|
|a The Jossey-Bass series in higher education
|
| 500 |
|
|
|a "Background essays prepared for the Commission on Non-traditional Study."
|
| 504 |
|
|
|a Includes bibliographies.
|
| 541 |
1 |
|
|e 00001500
|
| 650 |
|
0 |
|a Education, Higher
|z United States.
|
| 650 |
|
0 |
|a Vocational education
|z United States.
|
| 700 |
1 |
|
|a Cross, K. Patricia
|q (Kathryn Patricia),
|d 1926-
|e joint author.
|
| 710 |
2 |
|
|a Commission on Non-traditional Study.
|
| 852 |
4 |
|
|a Ayesha Abed Library
|j General Shelf.
|
| 999 |
|
|
|c 4016
|d 4016
|
| 952 |
|
|
|0 0
|1 0
|2 ddc
|4 0
|6 378_GOU_197200000000000
|7 0
|8 NFIC
|9 3699
|a BRACUL
|b BRACUL
|c GEN
|d 2009-10-01
|g 0.00
|l 0
|o 378 GOU
|p 3010001500
|r 2009-10-01
|t 1
|w 2009-10-01
|y BK
|x No price found in the accession register.
|